| 000 | 00347nam a22001337a 4500 | ||
|---|---|---|---|
| 020 | _a9781465402271 | ||
| 040 | _cNUST | ||
| 082 | _a912 DKW | ||
| 100 |
_aKindersley, Dorling _964306 |
||
| 245 | _aConcise World Atlas | ||
| 260 |
_aLondon: _bDorling Kindersley, _c2013. |
||
| 650 |
_a Atlases. Atlases as Topic Atlas. _996807 |
||
| 942 |
_2ddc _cREF |
||
| 999 |
_c590880 _d590880 |
||